00991njm a2200277Ia 450000100060000000300090000600500170001500800410003204000130007304000130008604100120009910000160011110000180012710000370014524500110018225000110019326000090020426000630021330000170027630000290029350000160032250501890033865000480052770000790057570000590065426769IT-RoPAU20220918181149.0131025s9999 xx 000 0 und d aIT-RoPAU cIT-RoPAU aINGLESE aPink Floyd  eAutore musica gCodice autore musica SPICS: 2553 aRelics a1a ed. aROMA bSPICS RECORDSc1985 [1a Ed.:1971 - Ed. Lingua Orig.: 1971] aMUSICASSETTA c52 minuti (Testo: pag.) aMusica rock aArnold Layne - Interstellar Overdrive - See Emily Play - Remember A Day - Paint Box - Julia Dream - Careful With That Axe, Eugene - Cirrus Minor - The Nile Song - Biding My Time - Bike aROCK [CASSETTE]eCodice MATERIA SPICS: 9951 aPink Floyd eAutore testo e musicagCodice autore testo/musica SPICS: 2553 aPink Floyd gCodice interprete SPICS: 2553eInterprete